00383nam a2200157Ia 450000500170000000800410001702000150005805000260007310000200009924500340011926000300015330000210018344000060020452100070021052600080021720140402152223.0140130s9999 xx 000 0 und d a0439443857 aPZ 7 b.H67445Gr 2003 aHoffman, Alice  cAlice Hoffman.aGreen Angel / bScholastic,c2003.aUSA : a116 p. :c19 cm. v1 aG8 c910